00615nam a2200157 a 450000100100000000500170001000800410002704000250006810000290009324000670012224500800018926000310026930000290030095201110032999900170044000003997420201002033836.0130801s1977 mx a 000 0 spa d aDO-SdBNPbspacBNPHU1 aMurray, Jerome T.96619510aSystems analysis and design : in an IBM environmentlEspañol10aAnálisis y diseño de sistemas en instalaciones IBM /cJerome T. Murray. aMéxico :bLimusa,c1977. a308 p. :bils. ;c25 cm. 001054708MOaGRbGRcCTd2013-08-01iLF1l0o p39974-10r2020-06-25w2020-06-25y4ZPréstamo en sala c39464d39464